000
00310nam a2200133Ia 4500
005
20260326235452.0
008
260326s9999||||xx |||||||||||||| ||und||
100
_a
Ackerman, James S.
245
0
_a
Palladio /
_c
James S. Ackerman
260
_b
Penguin
300
_a
196 p.
650
_a
ARQUITECTOS
942
_c
BK
999
_c
7814
_d
7814